00333nam a2200145Ia 4500008004100000084001100041100002500052245001600077250002000093260000900113260000900122260001100131300001000142500003500152180424s9999 xx 000 0 und d aT28 D2 a"Dakshinamoorthy, A" 0aIngurunooru a\\200400TAMGPMX aNCBH b2004 cMadras a660p. aincludes index and biblioraphy